Historia del Cusco : (Record no. 6519)

000 -CABECERA
fixed length control field 00986nam a22002057a 4500
003 - IDENTIFICADOR DEL NÚMERO DE CONTROL
control field AR-CdUCM
008 - DATOS DE LONGITUD FIJA--INFORMACIÓN GENERAL
fixed length control field 190318b ||||| |||| 00| 0 spa d
040 ## - FUENTE DE LA CATALOGACIÓN
Agencia/entidad que catalogó originalmente la obra MUNICIPALIDAD PROVINCIAL DEL CUSCO
Entidad que transcribió la catalogación BIBLIOTECA MUNICIPAL DEL CUSCO
082 ## - NÚMERO DE LA CLASIFICACIÓN DECIMAL DEWEY
No. de Clasificación 985.61 /
Notacion interna A58
100 ## - ENTRADA PRINCIPAL--NOMBRE DE PERSONA
Nombre Personal Angles Vargas, Víctor
245 ## - MENCIÓN DE TÍTULO
Título Historia del Cusco :
Resto del título Cusco colonial /
260 ## - PUBLICACIÓN, DISTRIBUCIÓN, ETC.
Lugar de publicación, distribución, etc. Cusco :
Nombre de la editorial, distribuidor, etc. Industrial gráfica,
Fecha de publicación, distribución, etc. 1983.
300 ## - DESCRIPCIÓN FÍSICA
Nº de Páginas Extensión 2 tomos ;
Otros detalles físicos Ilustraciones,
Dimensiones 21 cm.
505 ## - NOTA DE CONTENIDO CON FORMATO
Nota de contenido formateada Contenido: t.2: p.1 -- Los españoles en el Cusco -- La fundación española de la ciudad del Cusco -- Escudos de armas del Cusco y títulos conferidos a ala ciudad -- El virrey don Francisco de Toledo en el Cusco -- t.2: p.2 -- Las universidades en el Cusco colonial -- Los hospitales en el Cusco colonial -- El colegio de San Bernardo -- Los incas de la dinastía de Vilcabamba ...
650 ## - PUNTO DE ACCESO ADICIONAL DE MATERIA--TÉRMINO DE MATERIA
Descriptor Historia
9 (RLIN) 136
650 ## - PUNTO DE ACCESO ADICIONAL DE MATERIA--TÉRMINO DE MATERIA
Descriptor Cusco
9 (RLIN) 772
650 ## - PUNTO DE ACCESO ADICIONAL DE MATERIA--TÉRMINO DE MATERIA
Descriptor Época colonial
9 (RLIN) 1374
942 ## - ELEMENTOS DE PUNTO DE ACCESO ADICIONAL (KOHA)
Fuente de clasificación
Tipo de item Libros-BMC
945 ## - PROCESAMIENTO DE INFORMACIÓN LOCAL (OCLC)
Catalogador acv
Holdings
Estado de retiro (separado) Fuente de clasificación o esquema de estanterías Estado dañado Ubicación Sala donde se ubica Nombre de la colección Fecha de adquisición o compra Costo, precio normal en soles Signatura topográfica Código de Barras Última vez visto (Koha) Tipo de ítem (Koha)
No     Sala Humanidades Sala Humanidades Book Cart 2019-03-18 100.00 985.61 / A58 / t.2 / p.1 SH0000007573 2019-03-18 Libros-BMC
No     Sala Humanidades Sala Humanidades Book Cart 2019-03-18 100.00 985.61 / A58 / t.2 / p.2 SH0000007574 2019-03-18 Libros-BMC
No     Sala Humanidades Sala Humanidades Book Cart 2019-03-18 100.00 985.61 / A58 / t.2 / p.2 / e.2 SH0000007575 2019-03-18 Libros-BMC
No     Sala Humanidades Sala Humanidades Book Cart   100.00 985.61 / AN61C / t.2 / e.3 SH0000011263 2019-05-02 Libros-BMC

Powered by Koha